[Event "Budapest-chT1 Lilienthal 1314"]
[Site "Budapest"]
[Date "2013.09.29"]
[Round "1"]
[White "Posa, Norbert"]
[Black "Palotai, Edgard"]
[Result "1-0"]
[WhiteElo "2060"]
[BlackElo "1784"]
[PlyCount "61"]
[EventDate "2013.09.29"]
[EventType "team-tourn"]
[EventRounds "11"]
[EventCountry "HUN"]
[SourceTitle "EXT 2021"]
[Source "ChessBase"]
[SourceDate "2020.10.23"]
[SourceVersion "1"]
[SourceVersionDate "2020.10.23"]
[SourceQuality "1"]
[WhiteTeam "Fabulon"]
[BlackTeam "REAC SISE"]
[WhiteTeamCountry "HUN"]
[BlackTeamCountry "HUN"]

1. c4 Nf6 2. d4 g6 3. Nc3 Bg7 4. e4 d6 5. f4 0-0 6. Nf3 c5 7. d5 a6 8. Bd3 e6 9. a4 exd5 10. cxd5 b6 11. 0-0 Re8 12. h3 h5 13. e5 dxe5 14. fxe5 Nxd5 15. Nxd5 Qxd5 16. Qc2 Bb7 17. Bc4 Qc6 18. Bxf7+ Kh8 19. Bxe8 Qxe8 20. Ng5 Bxe5 21. Nf7+ Kg7 22. Nxe5 Qxe5 23. Bd2 Nc6 24. Bc3 Nd4 25. Qf2 Bd5 26. Rae1 Qg5 27. Bxd4+ cxd4 28. Qxd4+ Kh6 29. Rf2 Rf8 30. Qxb6 Rxf2 31. Qxf2 1-0

[Event "Budapest-chT1 Lilienthal 1213"]
[Site "Budapest"]
[Date "2013.05.05"]
[Round "11"]
[White "Palotai, Edgard"]
[Black "Lovas, Miklos"]
[Result "1/2-1/2"]
[WhiteElo "1788"]
[BlackElo "1956"]
[PlyCount "99"]
[EventDate "2012.09.30"]
[EventType "team-tourn"]
[EventRounds "11"]
[EventCountry "HUN"]
[SourceTitle "EXT 2019"]
[Source "ChessBase"]
[SourceDate "2018.10.10"]
[SourceVersion "1"]
[SourceVersionDate "2018.10.10"]
[SourceQuality "1"]
[WhiteTeam "Budapest REAC SISE"]
[BlackTeam "Penzugyor III"]
[WhiteTeamCountry "HUN"]
[BlackTeamCountry "HUN"]

1. e4 d5 2. exd5 Qxd5 3. Nc3 Qa5 4. d4 Nf6 5. Nf3 c6 6. Bd2 Bg4 7. Be2 e6 8. Ne4 Qd8 9. Nxf6+ Qxf6 10. c3 Bxf3 11. Bxf3 Bd6 12. Qe2 0-0 13. Be4 Nd7 14. h4 e5 15. Qg4 Qe7 16. Bg5 f6 17. Be3 exd4 18. cxd4 Rfe8 19. Bf5 Bb4+ 20. Kf1 Nf8 21. h5 Rad8 22. a3 Ba5 23. b4 Bb6 24. Rd1 a5 25. bxa5 Bxa5 26. g3 Qxa3 27. Kg2 Qe7 28. Rc1 Rd6 29. Rhd1 Rd5 30. Bd3 Kh8 31. Bc4 Rdd8 32. Rc2 Qe4+ 33. Qxe4 Rxe4 34. Bd3 Re7 35. Be2 g5 36. hxg6 hxg6 37. Bf3 Kg7 38. Rh1 Ne6 39. Bh6+ Kg8 40. Be2 b5 41. Rxc6 Nxd4 42. Rxf6 Rxe2 43. Rxg6+ Kf7 44. Ra6 Be1 45. Be3 Bd2 46. Bxd4 Rxd4 47. Rh7+ Kg8 48. Raa7 Rde4 49. Rag7+ Kf8 50. Rf7+ 1/2-1/2

[Event "Budapest-chT1 Lilienthal 1213"]
[Site "Budapest"]
[Date "2012.11.25"]
[Round "4"]
[White "Rakosi, Ferenc"]
[Black "Palotai, Edgard"]
[Result "1-0"]
[WhiteElo "1929"]
[BlackElo "1788"]
[PlyCount "49"]
[EventDate "2012.09.30"]
[EventType "team-tourn"]
[EventRounds "11"]
[EventCountry "HUN"]
[SourceTitle "EXT 2019"]
[Source "ChessBase"]
[SourceDate "2018.10.10"]
[SourceVersion "1"]
[SourceVersionDate "2018.10.10"]
[SourceQuality "1"]
[WhiteTeam "Taban Spartacus II"]
[BlackTeam "Budapest REAC SISE"]
[WhiteTeamCountry "HUN"]
[BlackTeamCountry "HUN"]

1. d4 Nf6 2. Nf3 g6 3. c4 Bg7 4. Nc3 0-0 5. e4 d6 6. Be2 Nbd7 7. 0-0 e5 8. Be3 Nh5 9. Qd2 Re8 10. dxe5 dxe5 11. Rfd1 c6 12. c5 Qe7 13. b4 a6 14. Bc4 Nf8 15. Bg5 Bf6 16. Bxf6 Nxf6 17. Qg5 Kg7 18. Rd6 h6 19. Qh4 g5 20. Nxg5 hxg5 21. Qxg5+ Ng6 22. h4 Nh7 23. Qg3 Qxh4 24. Rxg6+ fxg6 25. Qxh4 1-0

[Event "Budapest-chT1 Lilienthal 1112"]
[Site "Budapest"]
[Date "2012.03.04"]
[Round "9"]
[White "Molnar, Imre1111"]
[Black "Palotai, Edgard"]
[Result "1/2-1/2"]
[WhiteElo "1887"]
[BlackElo "1782"]
[PlyCount "35"]
[EventDate "2011.10.02"]
[EventType "team-tourn"]
[EventRounds "11"]
[EventCountry "HUN"]
[SourceTitle "EXT 2020"]
[Source "ChessBase"]
[SourceDate "2019.10.17"]
[SourceVersion "1"]
[SourceVersionDate "2019.10.17"]
[SourceQuality "1"]
[WhiteTeam "Vizugy II"]
[BlackTeam "REAC SISE"]
[WhiteTeamCountry "HUN"]
[BlackTeamCountry "HUN"]

1. e4 b6 2. d4 e6 3. Be3 Bb7 4. Nd2 g6 5. Be2 f5 6. Bf3 Nc6 7. exf5 exf5 8. Qe2 Qe7 9. Nh3 Bg7 10. Nb3 Nf6 11. Nf4 0-0 12. Qc4+ Kh8 13. 0-0-0 Na5 14. Qd3 Nxb3+ 15. Qxb3 Bxf3 16. gxf3 c6 17. h4 Qf7 18. d5 1/2-1/2

[Event "Budapest-chT1 Lilienthal 1112"]
[Site "Budapest"]
[Date "2011.12.11"]
[Round "5"]
[White "Palotai, Edgard"]
[Black "Dlauchy, Peter"]
[Result "0-1"]
[WhiteElo "1782"]
[BlackElo "1930"]
[PlyCount "112"]
[EventDate "2011.10.02"]
[EventType "team-tourn"]
[EventRounds "11"]
[EventCountry "HUN"]
[SourceTitle "EXT 2020"]
[Source "ChessBase"]
[SourceDate "2019.10.17"]
[SourceVersion "1"]
[SourceVersionDate "2019.10.17"]
[SourceQuality "1"]
[WhiteTeam "REAC SISE"]
[BlackTeam "Budapest Vasas II"]
[WhiteTeamCountry "HUN"]
[BlackTeamCountry "HUN"]

1. e4 e6 2. d4 d5 3. exd5 exd5 4. Bd3 Nc6 5. c3 Bd6 6. Be3 Be6 7. Nf3 Nf6 8. h3 h6 9. 0-0 Qd7 10. Ne5 Bxe5 11. dxe5 Nxe5 12. Bf4 Nxd3 13. Qxd3 0-0 14. Nd2 c5 15. Qf3 Kh7 16. Rad1 Qc6 17. Qd3+ Kh8 18. Nf3 Rad8 19. Ne5 Qa4 20. Be3 b6 21. f4 Nd7 22. Nxd7 Bxd7 23. Qxd5 Bc6 24. Qh5 Qe4 25. Qf3 Rxd1 26. Rxd1 Qc2 27. Qf1 Bxg2 28. Qe1 Bxh3 29. Rd2 Qe4 30. Qg3 Bf5 31. Rg2 Bg6 32. Bd2 Rd8 33. Qh4 Rd5 34. Qg3 Qb1+ 35. Be1 Qe4 36. Bd2 Kh7 37. Qf2 Qb1+ 38. Qe1 Qxe1+ 39. Bxe1 Kg8 40. Re2 Kf8 41. Kf2 Rd7 42. Re5 f6 43. Re3 Kf7 44. Re2 Bb1 45. a3 c4 46. Bd2 Re7 47. Be3 Kg6 48. Rd2 Bd3 49. Rd1 Kf5 50. Rh1 g5 51. Rh5 Kg4 52. Rxh6 gxf4 53. Bd4 Re2+ 54. Kg1 f5 55. Bf2 Rxb2 56. Rh4+ Kg5 0-1

[Event "Budapest-chT1 Lilienthal 1112"]
[Site "Budapest"]
[Date "2011.11.20"]
[Round "3"]
[White "Palotai, Edgard"]
[Black "Kende, Matyas"]
[Result "1-0"]
[WhiteElo "1782"]
[BlackElo "2014"]
[PlyCount "79"]
[EventDate "2011.10.02"]
[EventType "team-tourn"]
[EventRounds "11"]
[EventCountry "HUN"]
[SourceTitle "EXT 2020"]
[Source "ChessBase"]
[SourceDate "2019.10.17"]
[SourceVersion "1"]
[SourceVersionDate "2019.10.17"]
[SourceQuality "1"]
[WhiteTeam "REAC SISE"]
[BlackTeam "Budapest EAC III"]
[WhiteTeamCountry "HUN"]
[BlackTeamCountry "HUN"]

1. e4 d6 2. d4 Nf6 3. Nc3 c6 4. Nf3 Bg4 5. Be2 e6 6. 0-0 Be7 7. Be3 d5 8. Nd2 Bxe2 9. Qxe2 dxe4 10. Ncxe4 0-0 11. f3 Nbd7 12. Rfe1 Qc7 13. Bf2 Rad8 14. c3 Nh5 15. Ng3 Nf4 16. Qe4 Bg5 17. Qc2 f5 18. Be3 Rde8 19. Nh5 Nf6 20. Nxf4 Bxf4 21. Bxf4 Qxf4 22. Nf1 Nd5 23. Qd2 Qh4 24. Qf2 Qh6 25. Rad1 g5 26. g3 Qg6 27. Re5 h5 28. Qd2 f4 29. Rde1 Kh8 30. c4 Nb6 31. Qe2 Rf6 32. d5 cxd5 33. cxd5 Nd7 34. Rxe6 Rc8 35. Re8+ Rf8 36. Re6 Qf7 37. Qe4 Nf6 38. Qf5 Qg7 39. Re7 Qg8 40. R1e6 1-0